[Event "Moravia-Silesia Region-chT 2223"]
[Site "Czech Republic"]
[Date "2022.11.13"]
[Round "3"]
[White "Dvoracek, Jan Matyas"]
[Black "Vasinek, Martin"]
[Result "0-1"]
[WhiteElo "1905"]
[BlackElo "1911"]
[PlyCount "62"]
[EventDate "2022.10.09"]
[EventType "team-tourn"]
[EventRounds "11"]
[EventCountry "CZE"]
[SourceTitle "EXT 2024"]
[Source "ChessBase"]
[SourceDate "2023.10.10"]
[SourceVersion "1"]
[SourceVersionDate "2023.10.10"]
[SourceQuality "1"]
[WhiteTeam "Dolni Benesov II"]
[BlackTeam "Frydek Mistek IV"]
[WhiteTeamCountry "CZE"]
[BlackTeamCountry "CZE"]

1. Nf3 Nf6 2. g3 g6 3. Bg2 Bg7 4. 0-0 0-0 5. c4 c6 6. d4 d5 7. Nc3 Nbd7 8. cxd5 cxd5 9. Qb3 Nb6 10. Ne5 e6 11. Bf4 Nh5 12. Bc1 Qe7 13. Qd1 Rd8 14. f4 Bd7 15. e3 Rac8 16. Qe2 Be8 17. Bd2 Nc4 18. Be1 a6 19. Nxc4 Rxc4 20. g4 Nf6 21. Bh4 b5 22. f5 b4 23. Nd1 gxf5 24. gxf5 e5 25. dxe5 Qxe5 26. Bg3 Qe7 27. Bxd5 Rc5 28. Bc4 Qe4 29. b3 Bc6 30. Rc1 Ng4 31. Qxg4 Qg2# 0-1

[Event "Moravia-Silesia Region-chT 2223"]
[Site "Czech Republic"]
[Date "2022.10.23"]
[Round "2"]
[White "Kolar, Stanislav"]
[Black "Dvoracek, Jan Matyas"]
[Result "0-1"]
[WhiteElo "1958"]
[BlackElo "1905"]
[PlyCount "112"]
[EventDate "2022.10.09"]
[EventType "team-tourn"]
[EventRounds "11"]
[EventCountry "CZE"]
[SourceTitle "EXT 2024"]
[Source "ChessBase"]
[SourceDate "2023.10.10"]
[SourceVersion "1"]
[SourceVersionDate "2023.10.10"]
[SourceQuality "1"]
[WhiteTeam "Senov"]
[BlackTeam "Dolni Benesov II"]
[WhiteTeamCountry "CZE"]
[BlackTeamCountry "CZE"]

1. Nf3 Nf6 2. d4 g6 3. c4 Bg7 4. Nc3 0-0 5. e4 d6 6. h3 e5 7. d5 a5 8. Be2 Na6 9. 0-0 Nh5 10. Re1 Nf4 11. Bf1 g5 12. Nh2 Nc5 13. Be3 b6 14. a3 f5 15. f3 h5 16. g3 Ng6 17. b4 axb4 18. axb4 Rxa1 19. Qxa1 Nb3 20. Qd1 Nd4 21. exf5 Nxf5 22. Bf2 h4 23. g4 Ng3 24. Bg2 Rf4 25. Ne4 Nxe4 26. fxe4 Ba6 27. Qc2 Rf7 28. Qa2 Bc8 29. c5 bxc5 30. bxc5 Nf4 31. Bf1 dxc5 32. Bxc5 Bf8 33. Rc1 Bd6 34. Qa8 Rf8 35. Bxd6 Qxd6 36. Qc6 Qb4 37. Qc3 Qxe4 38. Re1 Qd4+ 39. Qxd4 exd4 40. Rd1 d3 41. Bxd3 Nxh3+ 42. Kg2 Nf2 43. Rd2 Nxg4 44. Nxg4 Bxg4 45. Bc4 Kg7 46. Ba2 Bf3+ 47. Kh3 Rd8 48. Rc2 Bxd5 49. Rxc7+ Kf6 50. Bb1 Be6+ 51. Kg2 g4 52. Bc2 Rd2+ 53. Kg1 Bd5 54. Ba4 h3 55. Rh7 Rg2+ 56. Kf1 h2 0-1

[Event "CZE-chT2F 2122"]
[Site "Czech Republic"]
[Date "2022.02.13"]
[Round "8.8"]
[White "Konecny, Vladimir"]
[Black "Dvoracek, Jan Matyas"]
[Result "0-1"]
[WhiteElo "1792"]
[BlackElo "1844"]
[PlyCount "62"]
[EventDate "2021.10.17"]
[EventType "team-tourn"]
[EventRounds "11"]
[EventCountry "CZE"]
[SourceTitle "EXT 2024"]
[Source "ChessBase"]
[SourceDate "2023.10.10"]
[SourceVersion "1"]
[SourceVersionDate "2023.10.10"]
[SourceQuality "1"]
[WhiteTeam "Karvina"]
[BlackTeam "Dolni Benesov"]
[WhiteTeamCountry "CZE"]
[BlackTeamCountry "CZE"]

1. d4 Nf6 2. Nf3 g6 3. c4 Bg7 4. Nc3 0-0 5. e3 c5 6. Bd3 d6 7. 0-0 Bg4 8. h3 Bxf3 9. Qxf3 Nc6 10. Rd1 cxd4 11. exd4 Nxd4 12. Qxb7 Nd7 13. Qe4 Nc5 14. Qe1 Nxd3 15. Rxd3 Nc2 16. Qd1 Nxa1 17. Be3 Qa5 18. Qxa1 Rac8 19. Bd4 Bxd4 20. Rxd4 Rfe8 21. b3 Qf5 22. Qe1 Rc5 23. Qd2 h5 24. f4 e5 25. Re4 Re6 26. Kh2 exf4 27. Rxf4 Qe5 28. g3 Qe1 29. Rd4 Rce5 30. Kg2 Re2+ 31. Nxe2 Rxe2+ 0-1

[Event "Morava-ch U14"]
[Site "Loucna nad Desnou"]
[Date "2017.10.25"]
[Round "3"]
[White "Dvoracek, Jan Matyas"]
[Black "Babula, Vlastimil1111"]
[Result "0-1"]
[WhiteElo "1328"]
[BlackElo "1659"]
[PlyCount "52"]
[EventDate "2017.10.24"]
[EventType "swiss"]
[EventRounds "9"]
[EventCountry "CZE"]
[SourceTitle "EXT 2020"]
[Source "ChessBase"]
[SourceDate "2019.10.17"]
[SourceVersion "1"]
[SourceVersionDate "2019.10.17"]
[SourceQuality "1"]

1. d4 Nf6 2. Nf3 g6 3. Bf4 Bg7 4. e3 0-0 5. Bd3 c5 6. c3 Qb6 7. Qc2 Nc6 8. h3 cxd4 9. exd4 d6 10. 0-0 Bd7 11. Nbd2 Rac8 12. Qb3 Qc7 13. Rfe1 Rce8 14. Re2 Nh5 15. Bh2 e5 16. dxe5 Nxe5 17. Nxe5 Bxe5 18. Rd1 Bc6 19. Bb5 a6 20. Bd3 Bxh2+ 21. Kxh2 Bxg2 22. Rxe8 Rxe8 23. Bxg6 hxg6 24. Kxg2 Qc6+ 25. Nf3 b5 26. Qd5 Nf4+ 0-1